Food therapy for common ailments

Bibliographic Details
Format: Book
Published: Negeri Sembilan : Dolphin Book House , 2016
Subjects:

MARC

LEADER 00000cam a2200000 7i4500
001 0000220310
005 20180622.0
020 |a 9789670956091 
090 0 0 |a 641.563   |b FOO 
245 0 0 |a Food therapy for common ailments 
260 |a Negeri Sembilan :   |b Dolphin Book House ,   |c 2016 
300 |a 99p. ;   |c 26cm. 
650 0 |a Cooking for the sicks 
650 0 |a Diet therapy 
999 |a 00351691   |b BUKU   |c PINJAMAN   |e PERPUSTAKAAN KOMUNITI CAW BANDAR UTAMA